Galería de Pintura: en el Museo de Arte Histórico en Viena

Kaydedildi:
Detaylı Bibliyografya
Yazar: Klauner, Friederike (Yazar)
Materyal Türü: Kitap
Dil:İspanyolca
Baskı/Yayın Bilgisi: Madrid Codex 1967
Edisyon:1a. ed
Seri Bilgileri:El Mundo de los Museos
Konular:
Etiketler: Etiketle
Etiket eklenmemiş, İlk siz ekleyin!

MARC

LEADER 00000cam a2200000 a 4500
001 UCD4480
003 CL-VaPUC
008 160708e19670000sp |||||||||||||||||spa|d
082 0 4 |a 708.00943155  |b KLA  |2 21 
100 0 |a Klauner, Friederike  |e author  |9 588171 
245 1 0 |a Galería de Pintura: en el Museo de Arte Histórico en Viena 
246 1 0 |a Gemäldegalerie des Kunsthistorischen Museums in Wien 
250 |a 1a. ed 
300 |a 86 p 
942 |c BK 
945 |d 20160708 23:22:00  |a arojas 
260 |a Madrid  |b Codex  |c 1967 
650 7 |a GALERIAS DE ARTE  |2 CL-VaPUC  |9 588172 
650 0 |a Pintura  |9 265046 
650 0 |a Museos históricos  |9 255112 
651 7 |a VIENA  |2 CL-VaPUC  |9 376017 
583 |a last modification  |c 20160708 23:22:00  |k Rodrigo Vera 
490 0 |a El Mundo de los Museos 
999 |c 365378  |d 365376 
952 |0 0  |1 0  |3 erd  |4 0  |6 708_009431550000000_KLA_1967  |7 0  |8 A  |9 479203  |a FDOHBE  |b FDOHBE  |e Huesbe Llanos, Marco Antonio, 1934-  |i 5334225  |o 708.00943155 KLA 1967  |p 5334225  |r 2024-01-30  |w 2019-11-24  |y BK  |z Catalogado en:20160708  |k HBE